| 000 | 00820nas a2200277 4500 | ||
|---|---|---|---|
| 001 | BR0807801 | ||
| 003 | BR-BrBNA | ||
| 005 | 20231205112735.0 | ||
| 007 | ta | ||
| 008 | 230509b bl.|||p| |||| 00| 00por d | ||
| 040 |
_aBR-BrBNA _bpor _cBiblioteca Nacional de Agricultura |
||
| 041 | _a(Pt) | ||
| 072 | _aL50 | ||
| 100 | 1 | _aPassafaro, R. | |
| 100 | 1 | _aSouza, W.M. de | |
| 100 | 1 | _aMiglino, M.A. | |
| 245 | 1 | _aVeia cava caudal e óstios das veias hepáticas em bovinos da raça Nelore | |
| 650 | _aBOVINO | ||
| 650 | _aNELORE | ||
| 650 | _aVEIA | ||
| 650 | _aBIOLOGIA ANIMAL | ||
| 650 | _aFÍGADO | ||
| 773 | 0 |
_tBrazilian Journal of Veterinary Research and Animal Science (Brazil) _xISSN 1413-9596 _g(1997), v. 34(2) p. 7072 _wBR0807801 |
|
| 909 |
_a202311 _bLúcia _c55 _dLúcia Elande |
||
| 942 |
_2AGRIS _n0 _cANA |
||
| 999 |
_c199693 _d199693 |
||